| 000 | 02062cam a22005057a 4500 | ||
|---|---|---|---|
| 001 | 000087219 | ||
| 003 | CHAP | ||
| 005 | 20220817043748.0 | ||
| 008 | 010301s2000 mx a r o00010 spa d | ||
| 010 | _a83692 | ||
| 011 | _a84664 | ||
| 035 | _a95189 | ||
| 040 | _cCHAP | ||
| 082 | 0 | 4 |
_a630.83 _bC68 |
| 110 | 2 |
_aComisión Nacional del Agua. México _925810 |
|
| 245 | 1 | 0 |
_aEstadísticas agrícolas de los distritos de riego : _baño agrícola 1999 - / _cpor Comisión Nacional del Agua. |
| 260 |
_aMéxico, D.F. : _bCONAGUA, _c2000. |
||
| 300 |
_av. : _bgráfs. ; tablas. |
||
| 410 | 2 | 1 | _aComisión Nacional del Agua |
| 490 | 0 | _aInforme estadístico | |
| 500 | _aLa biblioteca tiene : Informe estadístico 2, 1998-99, 1999-2000. -- Informe estadístico 1, 2000-2001. -- Año agrícola 2014-2015. -- Año agrícola 2015-2016 | ||
| 590 |
_aBATCH-UPD _b10 _c20130110 _lUCH01 _h0739 |
||
| 590 |
_aBATCH-UPD _b10 _c20130410 _lUCH01 _h0421 |
||
| 590 |
_aBATCH-UPD _b10 _c20130914 _lUCH01 _h1018 |
||
| 590 |
_aCONVERSION _b10 _c20130109 _lUCH01 _h1347 |
||
| 590 |
_aE11695DGD _b10 _c20180716 _lUCH01 _h0858 |
||
| 590 |
_aE11695DGD _b10 _c20180716 _lUCH01 _h0858 |
||
| 650 | 1 | 4 |
_aAgricultura _xEstadisticas _zMexico. |
| 650 | 1 | 4 |
_aCostos de producción. _928514 |
| 650 | 1 | 4 |
_aCultivos _xEstadísticas _zMéxico. _930273 |
| 650 | 1 | 4 |
_aCultivos _xRendimiento. _930318 |
| 650 | 1 | 4 |
_aDistritos de riego _xMéxico. _932978 |
| 650 | 1 | 4 |
_aIrrigación _xMéxico. _960433 |
| 810 | 0 | 0 |
_aComisión Nacional del Agua _925804 |
| 830 | 0 |
_aInforme estadístico _958134 |
|
| 901 | _aBK | ||
| 905 | _aMarco A. Mendoza T. | ||
| 942 | _cLIBRO | ||
| 942 | _n0 | ||
| 949 |
_a630.83 C68 1999-2000 _bBC _cC _d33724002077991 _eC _gDonaciØn _h109884 _i95189 _sb |
||
| 949 |
_a630.83 C68 _bBC _cC _d33724000810586 _eC _f1998-99 c.3 _h99802 _i95189 _sb |
||
| 949 |
_a630.83 C68 _bBC _cC _d33724000810594 _eC _f1998-99 c.2 _h99801 _i95189 _sb |
||
| 949 |
_a630.83 C68 _bBC _cC _d33724000810602 _eC _f1998-99 _h99800 _i95189 _si |
||
| 949 |
_a630.83 C68 _bBC _cC _d33724000873485 _eC _f2000-2001 _gDonaciØn _h103342 _i95189 _sb |
||
| 999 |
_c83692 _d83692 |
||